000 00316nam a22001457a 4500
008 210428b ||||| |||| 00| 0 eng d
020 _a3525205740
041 _aeng
080 _a82
082 _a82
100 _a21
101 _aGJL
245 _aDie Verwaltung des Abenteuers
_cSimanowski,R
942 _2udc
_cBK
999 _c56900
_d56900